| 000 | 00678nam a2200181Ia 4500 | ||
|---|---|---|---|
| 003 | GCL | ||
| 005 | 20240530110941.0 | ||
| 008 | 140319s9999 xx 000 0 ara d | ||
| 040 |
_aGCL / _cGCL |
||
| 082 | 0 | 4 |
_a922.1 _bا ح |
| 100 | 1 | _aالاصبهانى , ابو نعيم احمد بن عبدالله بن احمد | |
| 245 | 1 | 0 |
_aحلية الاولياء وطبقات الاصفياء / _cالاصبهانى , ابو نعيم احمد بن عبدالله بن احمد |
| 250 | _aط.5 | ||
| 260 |
_aالقاهرة : _bدار الريان للتراث ، _c1987 |
||
| 300 |
_a10جزء + فهرس ؛ _c22 سم |
||
| 650 | 0 | 4 | _aالاسلام - تراجم |
| 942 |
_2ddc _cBK |
||
| 999 |
_c66817 _d66817 |
||